State of the nation survey (Record no. 116079)

MARC details
000 -LEADER
fixed length control field 01532cad a22002535a 4500
001 - CONTROL NUMBER
control field L159661
008 - FIXED-LENGTH DATA ELEMENTS--GENERAL INFORMATION
fixed length control field 110131s2017 xxk f 100 0 eng d
035 ## - SYSTEM CONTROL NUMBER
System control number (Sirsi) u159661
041 0# - LANGUAGE CODE
Language code of text/sound track or separate title eng
110 2# - MAIN ENTRY--CORPORATE NAME
Corporate name or jurisdiction name as entry element National Energy Foundation
9 (RLIN) 1196
245 00 - TITLE STATEMENT
Title State of the nation survey
Remainder of title Low energy retrofit in social housing
Medium [electronic resource]
260 ## - PUBLICATION, DISTRIBUTION, ETC.
Place of publication, distribution, etc. London
Name of publisher, distributor, etc. National Energy Foundation
Date of publication, distribution, etc. 2017
520 ## - SUMMARY, ETC.
Summary, etc. Tracks the attitudes of the UK?s housing sector towards energy saving retrofits, the opportunities and barriers. Between them, respondents to this survey on retrofit represent over 50% of the UK?s housing stock and the leading theme within this summary report describes how the sector is willing and increasingly able to deliver. Despite the contextual challenges, the survey shows that Registered Providers continue to take retrofit seriously and its impact on tenant welfare. There is a clear recognition that providing residents with warm, affordable homes is now vital as energy prices and the general cost of living look set to rise.
590 ## - LOCAL NOTE (RLIN)
Local note KA
650 24 - SUBJECT ADDED ENTRY--TOPICAL TERM
Topical term or geographic name entry element ENERGY EFFICIENCY IN BUILDINGS
650 24 - SUBJECT ADDED ENTRY--TOPICAL TERM
Topical term or geographic name entry element RETROFITTING
650 24 - SUBJECT ADDED ENTRY--TOPICAL TERM
Topical term or geographic name entry element SOCIAL HOUSING
651 #4 - SUBJECT ADDED ENTRY--GEOGRAPHIC NAME
Geographic name United Kingdom
Chronological subdivision
690 ## - LOCAL SUBJECT ADDED ENTRY--TOPICAL TERM (OCLC, RLIN)
Topical term or geographic name as entry element ENVIRONMENTAL AND LAND CONSULTANCY-ENERGY
710 1# - ADDED ENTRY--CORPORATE NAME
Corporate name or jurisdiction name as entry element Capita Management Consultancy
9 (RLIN) 1802
710 1# - ADDED ENTRY--CORPORATE NAME
Corporate name or jurisdiction name as entry element University of Salford
9 (RLIN) 3465
856 40 - ELECTRONIC LOCATION AND ACCESS
Uniform Resource Identifier <a href="https://www.capitaproperty.co.uk/media/2551/state_of_nation_report_final.pdf">https://www.capitaproperty.co.uk/media/2551/state_of_nation_report_final.pdf</a>
Public note View the report free of charge at www.capitaproperty.co.uk
942 ## - ADDED ENTRY ELEMENTS (KOHA)
Suppress in OPAC 0
Holdings
Withdrawn status Lost status Source of classification or shelving scheme Damaged status Not for loan Home library Current library Shelving location Date acquired Total Checkouts Full call number Barcode Date last seen Copy number Price effective from Koha item type
    Dewey Decimal Classification     Virtual Virtual Online 05/12/2017   ONLINE PUBLICATION 159661-2001 06/08/2019 1 06/08/2019 Book